Изучение ионизации некоторых аминов в протоноакцепторных растворителях в присутствии щелочей; Химия Кузбасса за 50 лет Советской власти и перспективы ее развития

Bibliographische Detailangaben
Parent link:Химия Кузбасса за 50 лет Советской власти и перспективы ее развития.— 1967.— С. 26-27
1. Verfasser: Жеребцов И. П.
Weitere Verfasser: Лопатинский В. П. Вадим Петрович
Sprache:Russisch
Veröffentlicht: 1967
Schlagworte:
Format: MixedMaterials Buchkapitel
KOHA link:https://koha.lib.tpu.ru/cgi-bin/koha/opac-detail.pl?biblionumber=176655

MARC

LEADER 00000naa2a2200000 4500
001 176655
005 20231031165350.0
035 |a (RuTPU)RU\TPU\book\191547 
035 |a RU\TPU\tpu\1309 
090 |a 176655 
100 |a 20100303d1967 k y0rusy50 ca 
101 0 |a rus 
102 |a RU 
200 1 |a Изучение ионизации некоторых аминов в протоноакцепторных растворителях в присутствии щелочей  |f И. П. Жеребцов, В. П. Лопатинский 
463 0 |0 (RuTPU)RU\TPU\book\191227  |t Химия Кузбасса за 50 лет Советской власти и перспективы ее развития  |o тезисы докладов научно-технической конференции  |f  Кузбасский политехнический институт ; под ред. П. К. Шутова, Х. А. Исхакова, В. А. Иголинского  |v С. 26-27  |d 1967  |p  195 с. 
610 1 |a химические науки 
610 1 |a труды учёных ТПУ 
700 1 |a Жеребцов  |b И. П. 
701 1 |a Лопатинский  |b В. П.  |c российский химик  |c Заслуженный профессор Томского политехнического университета  |f 1924-1999  |g Вадим Петрович  |2 stltpush  |3 (RuTPU)RU\TPU\pers\19835 
801 0 |a RU  |b 63413507  |c 20011210  |g PSBO 
801 2 |a RU  |b 63413507  |c 20100303  |g PSBO 
942 |c BK